| 000 | 00326nam a2200121Ia 4500 | ||
|---|---|---|---|
| 005 | 20251222143202.0 | ||
| 008 | 251222s9999||||xx |||||||||||||| ||spa|| | ||
| 082 | _a070.158/C32 | ||
| 100 | _aCasiano Collazos, José M. | ||
| 245 | 0 | _aGestión de Empresas de Comunicación Social | |
| 264 | _bJaime Bausate y Meza | ||
| 942 | _cLIB | ||
| 999 |
_c13089 _d13089 |
||